00681 2200217 4500001002100000005001700021008004100038035002400079090001800103245010400121250001000225260003600235300003100271650003800302710006300340850001200403980001700415985000600432986001000438999001500448YOGYA-0209000004201420090227025829.0 ind  0010-020900000042014 a352bHimlYOG aHIMPUNAN pidato gubernur daerah istimewa yogyakarta tahun 2002cBadan informasi daerah propinsi DIY aEd. 2 aYogyakartabBID Prop. DIYc2002 axvii, 401 hlmbilusc22 cm aKepala Daerah - Pidato dan amanat aBADAN INFORMASI DAERAH PROPINSI DAERAH ISTIMEWA YOGYAKARTA aYOPDYOG a17 Juli 2007 a1 artrev a07A0023031